| 000 | 00491nam a22001697a 4500 | ||
|---|---|---|---|
| 003 | PILC | ||
| 005 | 20160928093111.0 | ||
| 008 | 150928b xxu||||| |||| 00| 0 eng d | ||
| 020 | _a9789710165100 | ||
| 050 |
_aHF 5635 _b.B188 2015 |
||
| 100 | _aBallada, Win. | ||
| 245 |
_aBasic accounting / _cWin Ballada, Susan Ballada. |
||
| 250 | _a20th edition. | ||
| 260 |
_aPhilippines : _bDomDane Publishers, _c2015. |
||
| 300 |
_axxx, 567 pages : _billustrations ; _c26 cm. |
||
| 942 |
_2lcc _cBK _kLOC |
||
| 999 |
_c305126 _d305126 |
||